Statistics for European Countries by Demonyms - Map Quiz

Click here to take the quiz!

General Stats

  • This quiz has been taken 80 times
  • The average score is 41 of 45

Answer Stats

Answer % Correct
Portuguese
97%
British
97%
Spanish
97%
French
96%
Finnish
96%
Luxembourg
96%
Belgian
96%
Swedish
96%
Norwegian
96%
Russian
96%
Italian
96%
Icelandic
96%
Irish
96%
Greek (Hellenic)
94%
Danish
94%
German
94%
Swiss
94%
Dutch (Netherlandic)
93%
Austrian
91%
Liechtenstein
91%
Ukrainian
91%
Polish
91%
Vatican
90%
Czech
90%
Andorran
89%
Belarusian
89%
Maltese
89%
Estonian
89%
Croatian
89%
Moldovan
87%
Bulgarian
87%
Sanmarinese
87%
Monégasque (Monacan)
87%
Hungarian (Magyar)
87%
Latvian
86%
Slovakian
86%
Romanian
86%
Albanian
86%
Slovenian (Slovene)
86%
Lithuanian
84%
Kosovan (Kosovar)
84%
Bosnian (Herzegovian)
83%
Macedonian
83%
Montenegrin
81%
Serbian
81%

Score Distribution

Percentile by Number Answered

Percent of People with Each Score

Your Score History

You have not taken this quiz